000 01038nam a22002657a 4500
999 _c59998
_d59998
005 20240530110347.0
008 141210q2010 ua f b 000 0 ara d
040 _aEG-CaGPL
041 0 _aara
082 0 4 _221
_a394.20962
_bق/ف م
100 0 _aفاروق احمد مصطفى
245 1 2 _aالموالد :
_bدراسة للعادات والتقاليد الشعبية فى مصر /
_cفاروق احمد مصطفى
260 _aالاسكندرية :
_bدار المعرفة الجامعية ،
_c[ 2010 ]
300 _a369 ص ؛
_c24 سم
504 _aببليوجرافية : ص 355 - 368
650 0 4 _aالفولكلور المصرى
650 0 4 _aالموالد
650 0 4 _aالاغانى الدينية
650 0 4 _aالابتهالات الدينية
650 0 4 _aالموالد
_zمصر
650 0 4 _aالاحتفالات الدينية الاسلامية
_zمصر
650 0 4 _aالاحتفالات الدينية الاسلامية
942 _2ddc
_cBK